[Event "Warsaw Najdorf Memorial op-A 22nd"]
[Site "Warsaw"]
[Date "2025.07.13"]
[Round "6"]
[White "Chmura, Eryk"]
[Black "Smetek, Michal"]
[Result "1-0"]
[WhiteElo "2039"]
[BlackElo "2144"]
[PlyCount "79"]
[EventDate "2025.07.08"]
[EventType "swiss"]
[EventRounds "9"]
[EventCountry "POL"]
[SourceTitle "CB29_2025"]
[SourceDate "2025.07.16"]
[SourceVersion "1"]
[SourceVersionDate "2025.07.16"]
[SourceQuality "1"]

1. d4 d5 2. c4 c6 3. Nf3 Nf6 4. Nc3 e6 5. e3 Bd6 6. Qc2 Nbd7 7. Bd3 dxc4 8. Bxc4 b5 9. Be2 0-0 10. 0-0 Bb7 11. e4 e5 12. dxe5 Nxe5 13. Nh4 Ng6 14. Nf5 Qc7 15. Nxd6 Qxd6 16. Be3 Rfe8 17. f3 a6 18. Rfd1 Qe7 19. a4 Rac8 20. Rac1 Nh5 21. Nb1 f5 22. Bc5 Qg5 23. exf5 Nh4 24. Qb3+ Kh8 25. Bf1 bxa4 26. Qa3 Nxg2 27. Bxg2 Re2 28. Bf2 Nf4 29. Bg3 Rxg2+ 30. Kh1 Rxg3 31. hxg3 Qh6+ 32. Kg1 Ne2+ 33. Kg2 Nxc1 34. Qe7 Rg8 35. Rd6 Qh5 36. f6 Qg5 37. f4 Qg6 38. f7 c5+ 39. Kf1 Bg2+ 40. Kxg2 1-0

[Event "Warsaw Najdorf Memorial op-A 22nd"]
[Site "Warsaw"]
[Date "2025.07.12"]
[Round "5"]
[White "Smetek, Michal"]
[Black "Paluszek, Jan"]
[Result "1/2-1/2"]
[WhiteElo "2144"]
[BlackElo "2001"]
[PlyCount "117"]
[EventDate "2025.07.08"]
[EventType "swiss"]
[EventRounds "9"]
[EventCountry "POL"]
[SourceTitle "CB29_2025"]
[SourceDate "2025.07.16"]
[SourceVersion "1"]
[SourceVersionDate "2025.07.16"]
[SourceQuality "1"]

1. d4 Nf6 2. c4 e6 3. Nc3 Bb4 4. e3 0-0 5. Bd3 d5 6. Nge2 dxc4 7. Bxc4 c5 8. 0-0 cxd4 9. exd4 Nc6 10. Bg5 Be7 11. Rc1 Nd5 12. Bxe7 Ncxe7 13. Nxd5 Nxd5 14. Qb3 Nb6 15. Bd3 Qh4 16. Qc2 Bd7 17. Be4 Rac8 18. Qd3 Bb5 19. Bxh7+ Qxh7 20. Qxb5 Rc2 21. Nc3 Rd8 22. h3 Rxc1 23. Rxc1 Qh6 24. Rd1 Qf4 25. a4 Qc7 26. Qg5 Nd5 27. Nb5 Qa5 28. Rd3 Qe1+ 29. Kh2 Rc8 30. Rg3 g6 31. Nd6 Rf8 32. Qe5 Qxf2 33. Rf3 Qh4 34. Nxb7 Ne7 35. g3 Qh6 36. Qe3 Qxe3 37. Rxe3 Nf5 38. Rc3 Rb8 39. Rc7 Nxd4 40. b4 a6 41. g4 Nc2 42. Rxc2 Rxb7 43. Rc4 g5 44. Kg3 Kg7 45. Kf3 f5 46. Ke3 Kf6 47. gxf5 exf5 48. Rc6+ Ke5 49. Rc5+ Kd6 50. Rc4 Rh7 51. Rc5 Rxh3+ 52. Kf2 Ke6 53. Rc6+ Ke5 54. Rc5+ Ke4 55. Rc4+ Kd3 56. Rc5 Rh2+ 57. Kg3 Rb2 58. Rxf5 Rxb4 59. Ra5 1/2-1/2

[Event "Warsaw Maciei Memorial"]
[Site "Warsaw"]
[Date "2025.07.07"]
[Round "9"]
[White "Kazmierowski, Tymon"]
[Black "Smetek, Michal"]
[Result "1-0"]
[WhiteElo "2138"]
[BlackElo "2144"]
[PlyCount "98"]
[EventDate "2025.07.07"]
[EventType "swiss (blitz)"]
[EventRounds "11"]
[EventCountry "POL"]
[SourceTitle "CB28_2025"]
[SourceDate "2025.07.09"]
[SourceVersion "1"]
[SourceVersionDate "2025.07.09"]
[SourceQuality "1"]

1. d4 d5 2. c4 c6 3. Nf3 Nf6 4. g3 e6 5. Nbd2 Be7 6. Bg2 0-0 7. 0-0 b6 8. Qc2 Bb7 9. e4 Na6 10. e5 Nd7 11. Rd1 Rc8 12. Nf1 c5 13. cxd5 Nb4 14. Qe2 Nxd5 15. Bd2 Qc7 16. Rac1 Qb8 17. Ne3 cxd4 18. Nxd5 Bxd5 19. Bf4 Qb7 20. Rxd4 Rxc1+ 21. Bxc1 Rc8 22. Bf4 Nf8 23. Ne1 Bxg2 24. Nxg2 Bc5 25. Rd1 Ng6 26. Be3 Bxe3 27. Qxe3 h6 28. Nf4 Ne7 29. Qd4 Nc6 30. Qd7 Qxd7 31. Rxd7 Nxe5 32. Rxa7 Rc1+ 33. Kg2 Rc2 34. b4 g5 35. Nh5 Nd3 36. Nf6+ Kg7 37. Ne8+ Kf8 38. Nd6 Rxf2+ 39. Kg1 f5 40. a4 Rb2 41. a5 bxa5 42. bxa5 f4 43. gxf4 gxf4 44. a6 Ra2 45. Rf7+ Kg8 46. a7 Ra1+ 47. Kg2 Ra2+ 48. Kh3 Ra3 49. Rb7 Nc5+ 1-0

[Event "Warsaw Maciei Memorial"]
[Site "Warsaw"]
[Date "2025.07.07"]
[Round "4"]
[White "Niezhentsev, Kyrylo"]
[Black "Smetek, Michal"]
[Result "0-1"]
[WhiteElo "2207"]
[BlackElo "2144"]
[PlyCount "96"]
[EventDate "2025.07.07"]
[EventType "swiss (blitz)"]
[EventRounds "11"]
[EventCountry "POL"]
[SourceTitle "CB28_2025"]
[SourceDate "2025.07.09"]
[SourceVersion "1"]
[SourceVersionDate "2025.07.09"]
[SourceQuality "1"]

1. e4 c6 2. d4 d5 3. Nc3 dxe4 4. Nxe4 Nf6 5. Nxf6+ exf6 6. c3 Bd6 7. Bd3 0-0 8. Qc2 Re8+ 9. Ne2 h5 10. Bd2 Nd7 11. c4 Nf8 12. 0-0-0 Be6 13. h3 h4 14. Kb1 b5 15. cxb5 cxb5 16. Bxb5 Re7 17. Bc6 Rc8 18. d5 Bxd5 19. Nd4 Ne6 20. Qa4 Nxd4 21. Bxd5 Ne6 22. Be3 Rb8 23. a3 Be5 24. Bb3 Qf8 25. Rd3 Reb7 26. Rc1 Qe7 27. Ka2 Nc7 28. f4 Bd6 29. Qc6 Nb5 30. Bc5 Bxc5 31. Qxc5 Qe8 32. Qc6 Qf8 33. Qc5 Qe8 34. f5 a5 35. a4 Nc7 36. Qxa5 Ra8 37. Qc3 Na6 38. Rd4 Rab8 39. Rxh4 Nb4+ 40. Kb1 Qe2 41. Rd4 Qe8 42. h4 Na6 43. Rd3 Qe4 44. Bd5 Rxb2+ 45. Qxb2 Qxd3+ 46. Ka1 Rxb2 47. Kxb2 Qd4+ 48. Rc3 Qxd5 0-1

[Event "Warsaw Maciei Memorial"]
[Site "Warsaw"]
[Date "2025.07.07"]
[Round "3"]
[White "Smetek, Michal"]
[Black "Rudnev, Andrei"]
[Result "0-1"]
[WhiteElo "2144"]
[BlackElo "1937"]
[PlyCount "84"]
[EventDate "2025.07.07"]
[EventType "swiss (blitz)"]
[EventRounds "11"]
[EventCountry "POL"]
[SourceTitle "CB28_2025"]
[SourceDate "2025.07.09"]
[SourceVersion "1"]
[SourceVersionDate "2025.07.09"]
[SourceQuality "1"]

1. d4 g6 2. Nf3 Bg7 3. Bf4 Nf6 4. e3 0-0 5. h3 d6 6. Be2 Nbd7 7. Bh2 Ne4 8. 0-0 Re8 9. a4 c6 10. a5 e5 11. c3 Qe7 12. Na3 d5 13. Qb3 exd4 14. cxd4 a6 15. Nc2 Ng5 16. Nxg5 Qxg5 17. Kh1 Nf6 18. Ne1 Ne4 19. Nf3 Qe7 20. Qd1 g5 21. Nd2 f5 22. Nxe4 fxe4 23. Qd2 Rf8 24. Bg3 Bf5 25. Ra3 Rae8 26. Rb3 Bg6 27. Qb4 Qxb4 28. Rxb4 Rf7 29. Kg1 h5 30. Rb3 Bf6 31. Rc3 Bd8 32. b4 Be7 33. Rb3 Ref8 34. Rb2 Kg7 35. Be5+ Kh6 36. Bd1 Bf5 37. Rb1 Kg6 38. Rb2 Rh7 39. Be2 g4 40. hxg4 hxg4 41. Rfb1 Rh5 42. Kf1 Rh1# 0-1

[Event "Warsaw Maciei Memorial"]
[Site "Warsaw"]
[Date "2025.07.07"]
[Round "1"]
[White "Smetek, Michal"]
[Black "Suder, Jakub"]
[Result "0-1"]
[WhiteElo "2144"]
[BlackElo "2347"]
[PlyCount "82"]
[EventDate "2025.07.07"]
[EventType "swiss (blitz)"]
[EventRounds "11"]
[EventCountry "POL"]
[SourceTitle "CB28_2025"]
[SourceDate "2025.07.09"]
[SourceVersion "1"]
[SourceVersionDate "2025.07.09"]
[SourceQuality "1"]

1. d4 d5 2. c4 e6 3. Nf3 a6 4. g3 dxc4 5. a4 Nc6 6. Bg2 Na5 7. Nbd2 Bb4 8. 0-0 Nf6 9. Qc2 b5 10. Ne5 Nd5 11. e3 Bb7 12. h4 Nc6 13. Nef3 Be7 14. Ne4 Ncb4 15. Qb1 h6 16. Ne5 Nc6 17. Nf3 Ndb4 18. Bd2 f5 19. Nc5 Bxc5 20. dxc5 Nd3 21. Bc3 Qe7 22. axb5 axb5 23. Rxa8+ Bxa8 24. b4 0-0 25. Ne1 Nce5 26. Bxe5 Nxe5 27. Bxa8 Rxa8 28. Qb2 Qf6 29. Kg2 Nc6 30. Qxf6 gxf6 31. Nc2 Kf7 32. Rd1 Ke7 33. Nd4 Nxd4 34. exd4 Kd7 35. d5 exd5 36. Rxd5+ Ke6 37. Rd1 Ra2 38. Rb1 Ra3 39. Kf1 Rb3 40. Rd1 Rxb4 41. c6 c3 0-1

[Event "Katowice rapid op"]
[Site "Katowice"]
[Date "2025.05.31"]
[Round "7"]
[White "Smetek, Michal"]
[Black "Ochedzan, Filip"]
[Result "1-0"]
[WhiteElo "2149"]
[BlackElo "1928"]
[PlyCount "93"]
[EventDate "2025.05.31"]
[EventType "swiss"]
[EventRounds "11"]
[EventCountry "POL"]
[SourceTitle "CB24_2025"]
[SourceDate "2025.06.11"]
[SourceVersion "1"]
[SourceVersionDate "2025.06.11"]
[SourceQuality "1"]

1. d4 Nf6 2. c4 e6 3. g3 Bb4+ 4. Bd2 Qe7 5. Nf3 Bxd2+ 6. Qxd2 0-0 7. Nc3 d5 8. Bg2 Nc6 9. cxd5 exd5 10. 0-0 Bg4 11. e3 Rad8 12. a3 Ne4 13. Qc2 Rfe8 14. Nxe4 dxe4 15. Nd2 Be2 16. Rfc1 Bd3 17. Qc5 Qe6 18. Qc3 Rd7 19. Nb3 Qf5 20. Nc5 Be2 21. Nxb7 Nd8 22. Nxd8 Rexd8 23. Qc5 Qg4 24. h3 Qe6 25. Qc6 Qb3 26. Qxe4 Bd3 27. Qb7 Rb8 28. Qxb3 Rxb3 29. Rc3 Rxc3 30. bxc3 Rd6 31. Bf1 Be4 32. c4 Rb6 33. c5 Rb2 34. Bg2 Bd3 35. Rd1 Be2 36. Rc1 Kf8 37. d5 Ke7 38. Rc3 Rb1+ 39. Kh2 Rb2 40. Be4 Bf1 41. Rc2 Rb3 42. a4 Rb4 43. Bg2 Bxg2 44. Kxg2 Rxa4 45. Kf3 Kf6 46. d6 cxd6 47. c6 1-0

[Event "Katowice rapid op"]
[Site "Katowice"]
[Date "2025.05.31"]
[Round "8"]
[White "Ugorek, Kacper"]
[Black "Smetek, Michal"]
[Result "1-0"]
[WhiteElo "2271"]
[BlackElo "2149"]
[PlyCount "102"]
[EventDate "2025.05.31"]
[EventType "swiss"]
[EventRounds "11"]
[EventCountry "POL"]
[SourceTitle "CB24_2025"]
[SourceDate "2025.06.11"]
[SourceVersion "1"]
[SourceVersionDate "2025.06.11"]
[SourceQuality "1"]

1. c4 c6 2. Nc3 d5 3. d4 Nf6 4. cxd5 cxd5 5. Bg5 Nc6 6. Bxf6 gxf6 7. e3 e6 8. Bd3 Bd6 9. Nge2 Bd7 10. Rc1 Rc8 11. 0-0 f5 12. g3 0-0 13. Qd2 a6 14. Na4 Nb4 15. Rxc8 Qxc8 16. Rc1 Qd8 17. Nc5 Nxd3 18. Qxd3 Bb5 19. Qd2 Qe7 20. Nc3 Bc6 21. b4 Rc8 22. a3 Be8 23. Qb2 Ra8 24. N3a4 Bxa4 25. Nxa4 Kg7 26. Nb6 Rd8 27. Qc3 Qg5 28. Qd2 h5 29. f4 Qg4 30. Qd1 Qg6 31. Rc8 Rxc8 32. Nxc8 Bb8 33. Nb6 Bd6 34. Qc1 h4 35. Kg2 hxg3 36. hxg3 Qh5 37. Qd2 Qh8 38. Qc2 Qd8 39. Na4 Qe7 40. Qc8 Qf6 41. Qxb7 Qh6 42. Qxa6 Qh5 43. Qd3 Be7 44. Nc5 Qh8 45. a4 Qb8 46. Qb3 Qa8 47. b5 Qa5 48. b6 Qd2+ 49. Kf3 Qe1 50. Nd3 Qf1+ 51. Nf2 Bd8 1-0

[Event "Bialystok Zamenhof Memorial 43rd"]
[Site "Bialystok"]
[Date "2024.12.27"]
[Round "2"]
[White "Kasperek, Ryszard"]
[Black "Smetek, Michal"]
[Result "1/2-1/2"]
[WhiteElo "2059"]
[BlackElo "2157"]
[PlyCount "36"]
[EventDate "2024.12.27"]
[EventType "swiss"]
[EventRounds "9"]
[EventCountry "POL"]
[SourceTitle "CB02_2025"]
[SourceDate "2025.01.08"]
[SourceVersion "1"]
[SourceVersionDate "2025.01.08"]
[SourceQuality "1"]

1. e4 c6 2. d4 d5 3. e5 Bf5 4. Nf3 e6 5. Be2 Ne7 6. 0-0 Nd7 7. Nbd2 Qc7 8. Nb3 f6 9. Re1 0-0-0 10. Bf4 Ng6 11. Bg3 fxe5 12. Ng5 Re8 13. Nf7 Rg8 14. dxe5 Nc5 15. Nd6+ Bxd6 16. exd6 Qb6 17. Nxc5 Qxc5 18. Bg4 Kd7 1/2-1/2

[Event "Ustron op-B"]
[Site "Ustron"]
[Date "2024.08.14"]
[Round "6"]
[White "Smetek, Michal"]
[Black "Dziendziel, Mateusz"]
[Result "1-0"]
[WhiteElo "2075"]
[BlackElo "2024"]
[PlyCount "97"]
[EventDate "2024.08.09"]
[EventType "swiss"]
[EventRounds "9"]
[EventCountry "POL"]
[SourceTitle "EXT 2025"]
[Source "ChessBase"]
[SourceDate "2024.10.14"]
[SourceVersion "1"]
[SourceVersionDate "2024.10.14"]
[SourceQuality "1"]

1. d4 f5 2. c4 Nf6 3. Nc3 g6 4. Nf3 Bg7 5. g3 0-0 6. Bg2 d6 7. 0-0 Qe8 8. Re1 Qf7 9. b3 Ne4 10. Bb2 Nc6 11. e3 e5 12. Nd5 g5 13. dxe5 dxe5 14. b4 Re8 15. b5 Na5 16. Qa4 b6 17. Rad1 Nb7 18. Qc2 Nbc5 19. h4 h6 20. Nb4 Bb7 21. hxg5 hxg5 22. Nd2 Rad8 23. Nb3 Ne6 24. Nc6 Bxc6 25. bxc6 Qg6 26. g4 Nd6 27. gxf5 Nxf5 28. Be4 Rf8 29. Rxd8 Nxd8 30. Ba3 Rf7 31. Rd1 Nxc6 32. Bd5 g4 33. Bxf7+ Kxf7 34. Qe4 Kg8 35. Nd2 g3 36. Nf1 gxf2+ 37. Kxf2 Bh6 38. Rd7 Qf6 39. Ke2 Kh8 40. Rxc7 Ncd4+ 41. Kd3 Ng7 42. Rc8+ Ne8 43. Rxe8+ Kg7 44. Qg4+ Bg5 45. Qd7+ Kh6 46. Qh3+ Kg6 47. Rg8+ Kf7 48. Qh7+ Ke6 49. Re8+ 1-0

[Event "Warsaw Najdorf Memorial op-A"]
[Site "Warsaw"]
[Date "2024.07.12"]
[Round "4"]
[White "Smetek, Michal"]
[Black "Lecki, Leonard"]
[Result "0-1"]
[WhiteElo "2133"]
[BlackElo "2026"]
[PlyCount "94"]
[EventDate "2024.07.09"]
[EventType "swiss"]
[EventRounds "9"]
[EventCountry "POL"]
[SourceTitle "EXT 2025"]
[Source "ChessBase"]
[SourceDate "2024.10.14"]
[SourceVersion "1"]
[SourceVersionDate "2024.10.14"]
[SourceQuality "1"]

1. d4 Nf6 2. c4 c5 3. d5 b5 4. cxb5 a6 5. e3 g6 6. Nc3 Bg7 7. Nf3 0-0 8. a4 d6 9. Bd2 axb5 10. Bxb5 Ba6 11. 0-0 Bxb5 12. axb5 Nbd7 13. e4 Nb6 14. Qe2 Qc7 15. Ra6 Ra7 16. Rfa1 Rfa8 17. Na4 Nxa4 18. R1xa4 Qb7 19. b4 Ne8 20. bxc5 dxc5 21. g3 Nc7 22. Rxa7 Rxa7 23. Rxa7 Qxa7 24. Bf4 e5 25. Nxe5 g5 26. Qh5 Nxb5 27. Qxg5 f6 28. Qg4 fxe5 29. Bxe5 Qe7 30. Bxg7 Qxg7 31. Qc8+ Qf8 32. Qg4+ Kh8 33. e5 Nd4 34. f4 c4 35. f5 Qc5 36. Qh5 Nxf5+ 37. Kf1 Ne3+ 38. Ke2 Nxd5 39. Qe8+ Kg7 40. Qd7+ Ne7 41. Qe6 Ng6 42. Qd7+ Qe7 43. e6 Kf6 44. Qd4+ Ne5 45. Kd2 Kxe6 46. Kc2 Qd6 47. Qxe5+ Kxe5 0-1

[Event "Warsaw Maciei Memorial Blitz"]
[Site "Warsaw"]
[Date "2024.07.08"]
[Round "8"]
[White "Smetek, Michal"]
[Black "Szustakowski, Antoni"]
[Result "1/2-1/2"]
[WhiteElo "2133"]
[BlackElo "2364"]
[PlyCount "113"]
[EventDate "2024.07.08"]
[EventType "swiss (blitz)"]
[EventRounds "11"]
[EventCountry "POL"]
[SourceTitle "CBM 221 Extra"]
[Source "ChessBase"]
[SourceDate "2024.09.30"]
[SourceVersion "1"]
[SourceVersionDate "2024.09.30"]
[SourceQuality "1"]

1. d4 Nf6 2. c4 e6 3. g3 d5 4. Nf3 Be7 5. Bg2 0-0 6. 0-0 c6 7. Qc2 b6 8. Nbd2 Bb7 9. e4 dxc4 10. Nxc4 Nbd7 11. Rd1 c5 12. d5 exd5 13. exd5 Bxd5 14. Bf4 Qc8 15. Nd6 Bxd6 16. Bxd6 Re8 17. h4 Be4 18. Qb3 Qb7 19. Ne1 Bxg2 20. Nxg2 Re4 21. Ne3 Rae8 22. Nf5 Ne5 23. Bxe5 R4xe5 24. Nd6 Qe7 25. Nxe8 Qxe8 26. Qd3 h6 27. a4 Qe6 28. Qd8+ Kh7 29. Qd3+ g6 30. a5 Ng4 31. axb6 axb6 32. Qd7 Re1+ 33. Kg2 Qxd7 34. Rxd7 Rxa1 35. Rxf7+ Kg8 36. Rb7 Ra6 37. Kf3 Ne5+ 38. Ke4 Nc4 39. Kd5 Nxb2 40. Ke6 Ra8 41. Kf6 Rf8+ 42. Kxg6 Rxf2 43. Rb8+ Rf8 44. Rxb6 Rf2 45. Rb8+ Rf8 46. Rb7 Rc8 47. Rxb2 Rc6+ 48. Kf5 c4 49. Rc2 Kf7 50. g4 Rc5+ 51. Kf4 Kf6 52. g5+ hxg5+ 53. hxg5+ Kg6 54. Ke4 Kxg5 55. Kd4 Rc8 56. Rxc4 Rxc4+ 57. Kxc4 1/2-1/2